000 00514nam a2200169 i 4500
001 29292
003 ES-MaACL
005 20230906154015.0
007 t|
008 030121s1857 fr ||||1| fre d
100 1 _aBalzac, Honoré de,
_d1799-1850
_925139
245 1 0 _aScénes de la vie de province
_b: Ursule Mirouet /
_cHonoré de Balzac.
260 _aParís :
_b[s.n.,
_c1857] (
_fImp. de la Lib. Nouvelle, A. Delcambre)
300 _a358 p. ;
_c17 cm.
852 _aES-MaACL
_jG-13562
999 _c29292
_d29292